01333nam a22002297a 45000010005000000030006000050050017000110080041000280200018000690400029000871000027001162450055001432500033001982600038002313000044002695050008003135200677003215210021009985210022010196500025010417000037010664739FISKH20240927154712.0240926b cb ||||| |||| 00| 0 eng d a9780439468541 aFISKHbengcFISKHdFISKH aMaxwell, E.J.eauthor  aXtreme soprts :bCutting Edge / cby E.j. Maxwell aFirst printing, January 2003 aNew York : bScholastic ;c2003 . a95 pages : billustrations ; c20 cm .  aZ  aExtreme sports athletes have gone mainstream, and are widely recognized through exposure on ESPN's X-Games, the Gravity Games, and the Warp Tour. This book is about the new crop of extreme sports stars from Apolo Ohno to superstar skateboarder Shaun White to phenom climbing star Tori Allen. Each chapter focuses on a different sport and star, and is full of photos, bio info, trivia, anecodotes, quotes, and stats. The complete list of athletes in this book is as follows: climber Tori Allen, surfer Layne Beachley, snowboarder Tara Dakides, motocrosser Mike Metzger, BMXer Dave Mirra, speed skater Apolo Anton Ohno, snowboarder Ross Powers, and skateboarder Shaun White.8 a1020 bLexile 8 aZ bRaz-Plus  aX-Gamesvnon-fiction aMalone, Michael eBook designer